|
|
|
|
| LEADER |
00000nam0a2200000 4500 |
| 001 |
145743 |
| 005 |
20231101221157.0 |
| 035 |
|
|
|a (RuTPU)RU\TPU\book\157976
|
| 090 |
|
|
|a 145743
|
| 100 |
|
|
|a 20081021d1971 k y0rusy50 ca
|
| 101 |
0 |
|
|a rus
|
| 102 |
|
|
|a RU
|
| 105 |
|
|
|a a z 001zy
|
| 200 |
1 |
|
|a Проблемы геологического строения и нефтегазоносности севера Западной Сибири
|e [сборник статей]
|f Всесоюзный нефтяной научно-исследовательский геологоразведочный институт
|
| 210 |
|
|
|a Ленинград
|c Изд-во ВНИГРИ
|d 1971
|
| 215 |
|
|
|a 248 с.
|c ил.
|
| 225 |
1 |
|
|a Труды Всесоюзного нефтяного научно-исследовательского геологоразведочного института (ВНИГРИ)
|v Вып. 293
|
| 320 |
|
|
|a Библиография в конце статей
|
| 606 |
1 |
|
|a Геология
|y Западная Сибирь
|2 stltpush
|3 (RuTPU)RU\TPU\subj\70290
|9 84644
|
| 606 |
1 |
|
|a Нефтегазоносность
|y Сибирь
|2 stltpush
|3 (RuTPU)RU\TPU\subj\72086
|9 85673
|
| 610 |
1 |
|
|a нефтегазоносность
|
| 610 |
1 |
|
|a нефтегазоносные районы
|
| 610 |
1 |
|
|a Западная Сибирь
|
| 610 |
1 |
|
|a геологическое строение
|
| 610 |
1 |
|
|a мезозойские отложения
|
| 610 |
1 |
|
|a кайнозойские отложения
|
| 610 |
1 |
|
|a толщи
|
| 610 |
1 |
|
|a статьи
|
| 610 |
1 |
|
|a сборники
|
| 675 |
|
|
|a 55(571.1)
|v 3
|
| 675 |
|
|
|a 553.98(571.1/.5)
|v 3
|
| 712 |
0 |
2 |
|a Всесоюзный нефтяной научно-исследовательский геологоразведочный институт
|2 stltpush
|3 (RuTPU)RU\TPU\col\7662
|
| 801 |
|
1 |
|a RU
|b 63413507
|c 20081021
|g PSBO
|
| 801 |
|
2 |
|a RU
|b 63413507
|c 20220919
|g PSBO
|
| 942 |
|
|
|c BK
|